| 000 | 00377nam a2200157Ia 4500 | ||
|---|---|---|---|
| 008 | 230524s9999 xx 000 0 und d | ||
| 082 |
_a612 _bGAI |
||
| 100 |
_aA.K.Jain _923853 |
||
| 245 | 0 | _aTextbook of Physiology Vol-I | |
| 250 | _a3RD | ||
| 260 |
_aNEW DELHI _bAvichal _c2006 |
||
| 300 | _aIX;600 | ||
| 500 | _aQuantity Number: 1 | ||
| 650 | _aBiomedical | ||
| 942 | _cBK | ||
| 999 |
_c35325 _d35325 |
||